000
00280nam a2200109Ia 4500
008
200302s9999 xx 000 0 und d
100
_a
Elzabeth Wilhide
245
_a
Materials A Directory for Home Design
260
_b
Quadrille Publishing Ltd.,
260
_c
2006
300
_a
192P.,
999
_c
3828
_d
3828